000 00313nam a22001337a 4500
008 170808b xxu||||| |||| 00| 0 eng d
020 _a9780131450912
041 _aeng
080 _23RD
_a004
100 _a34
101 _aSHKI
245 _aINTERNET & WORLD WIDE WEB/ HOW TO PROGRAM
_cDEITEL
942 _2udc
_cBK
999 _c22880
_d22880